000 00657nam a2200193 a 4500
008 080109s1987 ||||||||||||||||| || u
020 _a0140091319
050 _aHD 31 Org
100 _aPugh, Derek Solmon
245 1 0 _aOrganisation theory: selected readings. (2nd ed.)
_cedited by D.S. Pugh
250 _a2nd ed.
260 _aHarmondsworth, Mid.:
_bPenguin
_c1987
300 _a447p.
350 _a0.00
650 0 _aMANAGEMENT
650 _aORGANIZATION
650 _aORGANIZATIONAL THEORY
995 _D0.00
_FCBU-MAIN LIBRARY (Kitwe)
_H1
_I15.95
_M1
_UAVAILABLE
_ZMain Library Open Access Collection
999 _c52812
_d52812